Pacientom precitliveným na gumu a na gumárske chemikálie

Podrobná bibliografia
Hlavný autor: Hegyi, Eugen, 1917-2011 (Autor)
Médium: Kniha
Jazyk:slovenčina
Fyzický popis:1 list 15 x 11 cm
Vydavateľské údaje: Bratislava s.n. 1987
Vydanie:1. vyd.
Edícia:Rady chorým
Predmet:

MARC

LEADER 00000cam a2200000 a 4500
001 vtls001199397
003 SK-MaSNL
005 20260301063644.0
008 130620s1987 xo f 00000 slo
015 |a SNBA1987 
035 |a SNK000142466 
040 |a SNK  |b slo  |c SNK  |e AACR2 
041 0 |a slo 
044 |a xo  |c SK 
072 7 |a 616  |x Patológia. Klinická medicína  |2 konspekt 
080 |a 612.017:665.94(041)  |2 1981 
080 |a 665.94(041)  |2 1981 
080 |a 665.94  |2 1981 
100 1 |a Hegyi, Eugen,  |d 1917-2011  |4 aut  |9 86356 
245 1 0 |a Pacientom precitliveným na gumu a na gumárske chemikálie  |c Eugen Hegyi 
250 |a 1. vyd. 
260 |a Bratislava  |b s.n.  |c 1987  |e Liptovský Mikuláš  |f Tlačiarne SNP 
300 |a 1 list  |c 15 x 11 cm 
366 |e 50000 výtl. 
490 0 |a Rady chorým 
500 |a Zdravotnícka osveta. Nepredajné 
650 0 7 |a alergia  |2 SNKPH  |9 29852 
650 0 7 |a gumárenské chemikálie  |2 SNKPH  |9 379798 
650 0 7 |a ochrana zdravia  |2 SNKPH  |9 1135 
655 7 |a zdravotnícka osveta  |2 SNKPH  |9 72803 
830 0 |a Rady chorým  |9 379788 
852 |a Slovenská národná knižnica 
954 |a odborná, vedecká literatúra pôvodná (slovenská)  |2 lita 
958 |a TL 
958 |a MI 
999 |c 624539  |d 626469 
952 |a SNK  |b SNK  |y PREZ  |7 0  |p 17A1165887  |o snkLSE 167  |i snkKSP 11629/87  |0 0  |1 0  |4 0  |d 2025-07-10  |l 0  |r 2026-02-23 17:06:11  |w 2026-02-23 
952 |a SNK  |b SNK  |y PREZ  |7 0  |p 17A1165888  |o snkLSE 167 D1  |i snkKSP 11630/87  |0 0  |1 0  |4 0  |d 2025-07-10  |l 0  |r 2026-02-23 17:06:11  |w 2026-02-23